Statistiken für Alle Pokémon - Attacken vom Typ "Geist"

Klicken Sie hier um das Quiz zu spielen!

Allgemein

  • Dieses Quiz wurde 6 mal gespielt
    (5 seit der letzten Aktualisierung)
  • Das Durchschnittsergebnis liegt bei 8 aus 34

Antwortstatistiken

Attacke% Korrekt
Fluch
80%
Bürde
60%
Dunkelklaue
60%
Groll
60%
Nachtnebel
60%
Spukball
60%
Abgangsbund
40%
Erstauner
40%
Konfusstrahl
40%
Nachspiel
40%
Phantomkraft
40%
Schattenstoß
40%
Schlecker
40%
Unheilböen
40%
Dyna -Spuk
20%
Finsterfaust
20%
Halloween
20%
Nachtmahr
20%
Poltergeist
20%
Schemenkraft
20%
Astralfragmente
0%
Diebesschatten
0%
Ewige Nacht
0%
Geballter Mondlaser
0%
Giga -Spuksperre
0%
Letzte Ehre
0%
Niedertracht
0%
Phantomparade
0%
Schattenfessel
0%
Schattenknochen
0%
Schatten -Pfeilregen
0%
Schattenstrahl
0%
Sternbild des Seelenraubes
0%
Zornesfaust
0%

Verteilung der Resultate

Perzentil nach korrekt beantworteten Fragen

Anzahl Personen mit jedem Resultat

Ihre Resultats-Entwicklung

Sie haben dieses Quiz seit der letzten Aktualisierung nicht gespielt